Six mois de Ministére en face des Etats-Unis (Record no. 11246)

MARC details
000 -LEADER
campo de control de longitud fija 00880cam a2200265I 4500
001 - NÚMERO DE CONTROL
campo de control 49799
005 - FECHA Y HORA DE LA ÚLTIMA TRANSACCIÓN
campo de control 20230410101628.0
008 - DATOS DE LONGITUD FIJA--INFORMACIÓN GENERAL
campo de control de longitud fija 750903s1935 ht f000 0 fre d
035 ## - NÚMERO DE CONTROL DEL SISTEMA
Número de control de sistema (OCoLC)ocm01595817
040 ## - FUENTE DE CATALOGACIÓN
Centro catalogador/agencia de origen FUG
Centro/agencia transcriptor FUG
Centro/agencia modificador OCLCQ
035 ## - NÚMERO DE CONTROL DEL SISTEMA
Número de control de sistema (OCoLC)1595817
050 14 - SIGNATURA TOPOGRÁFICA DE LA BIBLIOTECA DEL CONGRESO
Número de clasificación 110 E 183.8
Número de ítem P326s 1935
082 00 - NÚMERO DE LA CLASIFICACIÓN DECIMAL DEWEY
Número de clasificación 327.7294
100 1# - ENTRADA PRINCIPAL--NOMBRE DE PERSONA
Nombre de persona Pauleus Sannon, Horace.
245 10 - MENCIÓN DEL TÍTULO
Título Six mois de Ministére en face des Etats-Unis
Mención de responsabilidad, etc. [par] H. Pauleus Sannon [Secrétaire d'état des relations extérieures].
260 ## - PUBLICACIÓN, DISTRIBUCIÓN, ETC.
Lugar de publicación, distribución, etc. Port-au-Prince :
Nombre del editor, distribuidor, etc. A.A. Héraux,
Fecha de publicación, distribución, etc. [1935]
300 ## - DESCRIPCIÓN FÍSICA
Extensión iv, 174 p.
Dimensiones 23 cm.
651 #0 - PUNTO DE ACCESO ADICIONAL DE MATERIA--NOMBRE GEOGRÁFICO
Nombre geográfico Haiti
Subdivisión general Foreign relations
Subdivisión geográfica United States.
651 #0 - PUNTO DE ACCESO ADICIONAL DE MATERIA--NOMBRE GEOGRÁFICO
Nombre geográfico United States
Subdivisión general Foreign relations
Subdivisión geográfica Haiti.
650 #4 - PUNTO DE ACCESO ADICIONAL DE MATERIA--TÉRMINO DE MATERIA
Término de materia o nombre geográfico como elemento de entrada CEH
650 #4 - PUNTO DE ACCESO ADICIONAL DE MATERIA--TÉRMINO DE MATERIA
Término de materia o nombre geográfico como elemento de entrada Colección Estudios Haitianos
710 1# - ENTRADA AGREGADA--NOMBRE DE ENTIDAD CORPORATIVA
Nombre de entidad corporativa o nombre de jurisdicción como elemento de entrada Haiti.
Unidad subordinada Département des affaires étrangéres.
942 ## - ELEMENTOS DE ENTRADA SECUNDARIOS (KOHA)
Fuente del sistema de clasificación o colocación Clasificación de Library of Congress
Tipo de ítem Koha
994 ## -
-- C0
-- DRFGD
Holdings
Estatus retirado Estado de pérdida Fuente del sistema de clasificación o colocación Estado de daño No para préstamo Colección Biblioteca de origen Biblioteca actual Ubicación en estantería Fecha de adquisición Serial enumeration / chronology Signatura topográfica completa Código de barras Visto por última vez Copia número Tipo de ítem Koha
    Clasificación de Library of Congress     Recursos Regionales Biblioteca Juan Bosch Biblioteca Juan Bosch Recursos Regionales (2do. Piso) 10/04/2023 1 110 E 183.8 P326s 1935 00000050112 23/10/2018 1